Toutes les communes de la Charente sur une carte - Statistiques

Statistiques générales
  • Ce quiz a été pris 227 fois
    139 depuis la dernière actualisation
  • Le résultat moyen est 63 sur 359
Réponses sur la Carte
Les réponses sont colorées sur une échelle allant du rouge au vert en fonction du pourcentage des utilisateurs qui les ont devinées à leur premier essai. Vous pouvez retrouver ces pourcentages ci-dessous.
 
Statistiques - réponses
Commune % Correct
Angoulême
94%
Cognac
90%
Confolens
73%
Jarnac
72%
Barbezieux-Saint-Hilaire
68%
La Couronne
68%
Ruffec
65%
Soyaux
59%
Gond-Pontouvre
56%
Ruelle-sur-Touvre
55%
Rouillac
54%
Saint-Yrieix-sur-Charente
52%
La Rochefoucauld-en-Angoumois
51%
Champniers
49%
Châteauneuf-sur-Charente
46%
Mansle-les-Fontaines
46%
Chalais
42%
Châteaubernard
42%
Segonzac
42%
Chasseneuil-sur-Bonnieure
39%
Saint-Michel
39%
Hiersac
38%
Magnac-lès-Gardes
37%
Magnac-sur-Touvre
37%
Montbron
37%
Puymoyen
37%
Brie
35%
Brie-sous-Barbezieux
35%
Brie-sous-Chalais
35%
L'Isle-d'Espagnac
35%
Montmoreau
35%
Saint-Laurent-de-Céris
35%
Saint-Laurent-de-Cognac
35%
Saint-Laurent-des-Combes
35%
Cherves-Châtelars
34%
Fléac
34%
Merpins
32%
Roullet-Saint-Estèphe
32%
Villebois-Lavalette
32%
Aigre
31%
Garat
31%
Gensac-la-Pallue
31%
Mornac
31%
Nersac
31%
Saint-Claud
31%
Dignac
30%
Dirac
30%
Linars
30%
Chabanais
28%
Champagne-Mouton
28%
Champagne-Vigny
28%
Touvre
28%
Aubeterre-sur-Dronne
27%
Baignes-Sainte-Radegonde
27%
Balzac
27%
Bourg-Charente
27%
Claix
27%
Saint-Sulpice-de-Ruffec
27%
Anais
25%
Angeac-Champagne
25%
Angeac-Charente
25%
Asnières-sur-Nouère
25%
Chazelles
25%
Mérignac
25%
Mouthiers-sur-Boëme
25%
Sigogne
25%
Terres-de-Haute-Charente
25%
Vindelle
25%
Agris
24%
Bouëx
24%
Marthon
24%
Massignac
24%
Montembœuf
24%
Rivières
24%
Saint-Germain-de-Montbron
24%
Saint-Martin-du-Clocher
24%
Ars
23%
Boutiers-Saint-Trojan
23%
Brossac
23%
Chirac
23%
Fouquebrune
23%
Foussignac
23%
Nanteuil-en-Vallée
23%
Saint-Même-les-Carrières
23%
Saint-Saturnin
23%
Salles-d'Angles
23%
Taponnat-Fleurignac
23%
Aunac-sur-Charente
21%
Bassac
21%
Douzat
21%
Jauldes
21%
La Chapelle
21%
Luxé
21%
Marsac
21%
Mosnac-Saint-Simeux
21%
Moulidars
21%
Nercillac
21%
Pranzac
21%
Saint-Brice
21%
Saint-Genis-d'Hiersac
21%
Saint-Simon
21%
Saint-Sornin
21%
Torsac
21%
Verteuil-sur-Charente
21%
Villefagnan
21%
Vœuil-et-Giget
21%
Ansac-sur-Vienne
20%
Exideuil-sur-Vienne
20%
Juillac-le-Coq
20%
La Boixe
20%
Montignac-le-Coq
20%
Saint-Mary
20%
Saint-Maurice-des-Lions
20%
Sireuil
20%
Vouzan
20%
Abzac
18%
Barret
18%
Échallat
18%
Esse
18%
Genté
18%
Les Adjots
18%
Lussac
18%
Marillac-le-Franc
18%
Nieuil
18%
Nonac
18%
Saint-Amant-de-Boixe
18%
Saint-Amant-de-Nouère
18%
Saint-Cybardeaux
18%
Suaux
18%
Bellevigne
17%
Bunzac
17%
Chadurie
17%
Champmillon
17%
Étagnac
17%
Fouqueure
17%
La Rochette
17%
Mainxe-Gondeville
17%
Manot
17%
Pressignac
17%
Saint-Adjutory
17%
Saint-Fort-sur-le-Né
17%
Touvérac
17%
Triac-Lautrait
17%
Trois-Palis
17%
Vibrac
17%
Alloue
15%
Aussac-Vadalle
15%
Bonneuil
15%
Brigueuil
15%
Chassenon
15%
Combiers
15%
Condéon
15%
Coulgens
15%
Courcôme
15%
Écuras
15%
Javrezac
15%
Maine-de-Boixe
15%
Mesnac
15%
Moulins-sur-Tardoire
15%
Reignac
15%
Réparsac
15%
Saint-Georges
15%
Saint-Médard
15%
Saint-Séverin
15%
Sers
15%
Tourriers
15%
Vaux-Lavalette
15%
Vaux-Rouillac
15%
Villognon
15%
Barro
14%
Bors
14%
Bouteville
14%
Chantillac
14%
Chillac
14%
Genac-Bignac
14%
Gimeux
14%
Grassac
14%
Ladiville
14%
Lessac
14%
Ligné
14%
Mouton
14%
Plassac-Rouffiac
14%
Rouffiac
14%
Sainte-Sévère
14%
Saint-Félix
14%
Saint-Quentin-de-Chalais
14%
Saint-Quentin-sur-Charente
14%
Saint-Romain
14%
Souffrignac
14%
Vitrac-Saint-Vincent
14%
Voulgézac
14%
Ambernac
13%
Angeduc
13%
Birac
13%
Bonnes
13%
Bréville
13%
Condac
13%
Courbillac
13%
Deviat
13%
Fleurac
13%
Gurat
13%
Hiesse
13%
Lachaise
13%
La Faye
13%
Le Lindois
13%
Louzac-Saint-André
13%
Mareuil
13%
Montboyer
13%
Passirac
13%
Poullignac
13%
Ronsenac
13%
Rougnac
13%
Rouzède
13%
Saint-Bonnet
13%
Saulgond
13%
Taizé-Aizie
13%
Val-de-Cognac
13%
Val des Vignes
13%
Verdille
13%
Verneuil
13%
Verrières
13%
Vignolles
13%
Villejoubert
13%
Vouharte
13%
Vouthon
13%
Ambérac
11%
Bécheresse
11%
Berneuil
11%
Bessac
11%
Brillac
11%
Chabrac
11%
Édon
11%
Eymouthiers
11%
Guimps
11%
Les Métairies
11%
Le Tâtre
11%
Mazerolles
11%
Oradour
11%
Oradour-Fanais
11%
Saint-Fraigne
11%
Saint-Martial
11%
Salles-de-Barbezieux
11%
Valence
11%
Yvrac-et-Malleyrand
11%
Benest
10%
Cellefrouin
10%
Cellettes
10%
Charras
10%
Coteaux-du-Blanzacais
10%
Criteuil-la-Magdeleine
10%
Étriac
10%
Lésignac-Durand
10%
Les Pins
10%
Lignières-Ambleville
10%
Marcillac-Lanville
10%
Nanclars
10%
Pérignac
10%
Roussines
10%
Saint-Aulais-la-Chapelle
10%
Saint-Christophe
10%
Tusson
10%
Xambes
10%
Blanzaguet-Saint-Cybard
8%
Châtignac
8%
Chenon
8%
Coulonges
8%
Feuillade
8%
Lagarde-sur-le-Né
8%
Mouzon
8%
Puyréaux
8%
Saint-Ciers-sur-Bonnieure
8%
Sainte-Souline
8%
Saint-Palais-du-Né
8%
Salles-de-Villefagnan
8%
Sauvignac
8%
Val-de-Bonnieure
8%
Vieux-Ruffec
8%
Bardenac
7%
Challignac
7%
Charmé
7%
Chassiecq
7%
Chassors
7%
Guizengeard
7%
La Magdeleine
7%
Lesterps
7%
Longré
7%
Montmérac
7%
Oriolles
7%
Saint-Avit
7%
Saint-Groux
7%
Saint-Vallier
7%
Sauvagnac
7%
Beaulieu-sur-Sonnette
6%
Bellon
6%
Bernac
6%
Bioussac
6%
Boisbreteau
6%
Boisné-La Tude
6%
Brettes
6%
Couture
6%
Ébréon
6%
Épenède
6%
Fontenille
6%
Graves-Saint-Amant
6%
Houlette
6%
Juignac
6%
Julienne
6%
Le Grand-Madieu
6%
Le Vieux-Cérier
6%
Mainzac
6%
Mons
6%
Montjean
6%
Orgedeuil
6%
Paizay-Naudouin-Embourie
6%
Palluaud
6%
Parzac
6%
Pillac
6%
Pleuville
6%
Poursac
6%
Rioux-Martin
6%
Saint-Front
6%
Saint-Gourson
6%
Saint-Preuil
6%
Salles-Lavalette
6%
Souvigné
6%
Theil-Rabier
6%
Val-d'Auge
6%
Villiers-le-Roux
6%
Yviers
6%
Barbezières
4%
Bazac
4%
Bessé
4%
Courgeac
4%
Courlac
4%
Empuré
4%
Juillé
4%
La Chèvrerie
4%
La Forêt-de-Tessé
4%
Laprade
4%
La Tâche
4%
Le Bouchage
4%
Les Essards
4%
Les Gours
4%
Lichères
4%
Londigny
4%
Lonnes
4%
Lupsault
4%
Médillac
4%
Montrollet
4%
Nabinaud
4%
Orival
4%
Raix
4%
Ranville-Breuillaud
4%
Saint-Coutant
4%
Turgon
4%
Ventouse
4%
Vervant
4%
Curac
3%
Aucun quiz correspondant
Distribution des résultats
% des personnes avec chaque résultat
Percentile par nombre de réponses
Votre historique - résultats
Vous n’avez pas pris ce quiz depuis la dernière actualisation